01569nam a2200205Ia 4500003000400000005001700004008004100021020001800062041000800080082001600088100002800104245003600132260002600168300000800194520096500202650002801167942000701195999001901202952014201221OSt20231206113637.0220524s9999    xx            000 0 und d  a9780713486929  aeng  a746.92bEWI  aEwing Elizabeth9205346  aHistory of 20th Century Fashion  bBatsford-Londonc2009  a320  a•	Acknowledgement
•	Bibliography
•	Chronology
1.	Edwardian Sunshine for the Few, But Change in the Air, I900- 1_I909
2.	Fashion Spreads from the Top, and Many Join in, I900-I910
3.	Manufacture Grows, But Sweated Labour Casts a Shadow, I900-I908
4.	The Start of Modern Fashion and the Effect of World War I, I907 -I9I8
5.	New Fashion Makers and the New Kinds of Fashion, I920-I930
6.	Developments in Fashion Manufacture Between the Wars, I918-I935
7.	Fashion by Decree During and After World War II, I939-I947
8.	New Looks for all from 1947
9.	The Young Explosion Splits Fashion from the Late I950, s
10.	Growth and Prosperity of the Top Manufacturers, I960’s and Early I970’s
11.	 Changes from the I970’s; Revolt, Unexpected Influences and Punk
12.	 Ready-to-Wear: I970’s to Early I990’s
13.	Changes to the Shops: I970’s to Early I990’s
14.	Fashion from the Mid-I980’s to Early I990’s
15.	Fashion from the Mid-I90’s to the Millennium
  aFashion History9204386  cBK  c356604d356604  00102ddc4070aSOFTbSOFTd2002-04-27g0.00l3o746.92 EWIpSOFT-BK-2344r2026-01-06 14:22:01s2026-01-06v0.00w2022-07-08yBKz002344